[Event "SVK-ch U12"]
[Site "Tatralandia"]
[Date "2024.04.11"]
[Round "8"]
[White "Buday, Alexander"]
[Black "Muller, Tomas"]
[Result "1/2-1/2"]
[WhiteElo "1476"]
[BlackElo "1700"]
[PlyCount "122"]
[EventDate "2024.04.05"]
[EventType "swiss"]
[EventRounds "9"]
[EventCountry "SVK"]
[SourceTitle "CB16_2024"]
[SourceDate "2024.04.17"]
[SourceVersion "1"]
[SourceVersionDate "2024.04.17"]
[SourceQuality "1"]

1. e4 d5 2. exd5 Nf6 3. d4 Qxd5 4. Nc3 Qa5 5. Bd2 c6 6. Nf3 Bf5 7. Bc4 Qc7 8. 0-0 e6 9. Re1 Nbd7 10. h3 0-0-0 11. a4 Bd6 12. Rb1 Nb6 13. Bf1 a5 14. Na2 Nxa4 15. b3 Nb6 16. Bxa5 Kd7 17. Ra1 Ra8 18. Nc3 Ra7 19. Bxb6 Rxa1 20. Bxc7 Rxd1 21. Rxd1 Kxc7 22. Bd3 Bxd3 23. Rxd3 Ra8 24. Ne5 Ra1+ 25. Rd1 Rxd1+ 26. Nxd1 Bxe5 27. dxe5 Nd7 28. f4 g5 29. g3 gxf4 30. gxf4 Kb6 31. Kf2 Kc5 32. Ke3 Nb6 33. Kd3 Nd5 34. Ke4 h5 35. Ne3 Nc3+ 36. Kd3 Kb4 37. f5 Nd5 38. Nxd5+ cxd5 39. f6 b6 40. h4 Kc5 41. Ke3 b5 42. Kd3 d4 43. Ke4 b4 44. Kf4 Kd5 45. Kg5 Kxe5 46. Kxh5 Kf5 47. Kh6 Kxf6 48. h5 e5 49. Kh7 e4 50. h6 e3 51. Kg8 Kg6 52. h7 e2 53. h8Q e1Q 54. Qg7+ Kh5 55. Qxf7+ Kg4 56. Qg7+ Kf3 57. Qxd4 Qe8+ 58. Kg7 Qe4 59. Qxe4+ Kxe4 60. Kf6 Kd5 61. Ke7 Ke5 1/2-1/2

[Event "SVK-ch U12"]
[Site "Tatralandia"]
[Date "2024.04.09"]
[Round "6"]
[White "Halada, Lubos"]
[Black "Buday, Alexander"]
[Result "0-1"]
[WhiteElo "1481"]
[BlackElo "1476"]
[PlyCount "96"]
[EventDate "2024.04.05"]
[EventType "swiss"]
[EventRounds "9"]
[EventCountry "SVK"]
[SourceTitle "CB16_2024"]
[SourceDate "2024.04.17"]
[SourceVersion "1"]
[SourceVersionDate "2024.04.17"]
[SourceQuality "1"]

1. d4 d5 2. Bf4 c5 3. c3 Nc6 4. e3 Nf6 5. Nf3 Bf5 6. Nbd2 e6 7. Be2 Be7 8. Ne5 Nxe5 9. Bxe5 Bd6 10. Bg3 0-0 11. Nf3 Ne4 12. Bd3 c4 13. Bxe4 Bxe4 14. 0-0 Bxg3 15. hxg3 Qb6 16. Qd2 Rfe8 17. Ne5 Qd6 18. f3 f6 19. fxe4 fxe5 20. exd5 exd5 21. Rae1 exd4 22. Qxd4 Re4 23. Qd2 Rd8 24. Qf2 Rf8 25. Qxf8+ Qxf8 26. Rxf8+ Kxf8 27. Kf2 Ke7 28. Rd1 Ke6 29. Rd4 Ke5 30. Rxe4+ Kxe4 31. Ke2 h5 32. Kd2 Kf5 33. Ke2 Kg4 34. b3 cxb3 35. axb3 Kxg3 36. c4 dxc4 37. bxc4 Kg4 38. Kd3 Kf5 39. Kd4 Ke6 40. Ke4 g5 41. Kd4 b6 42. Ke4 a5 43. Kd4 a4 44. Kc3 Ke5 45. Kb4 Ke4 46. Kxa4 Kxe3 47. Kb5 Kd4 48. Kb4 h4 0-1

[Event "SVK-ch U10"]
[Site "Dudince"]
[Date "2023.04.23"]
[Round "9"]
[White "Novozhilov, Dmitrii"]
[Black "Buday, Alexander"]
[Result "1/2-1/2"]
[WhiteElo "1112"]
[BlackElo "1050"]
[PlyCount "47"]
[EventDate "2023.04.16"]
[EventType "swiss"]
[EventRounds "9"]
[EventCountry "SVK"]
[SourceTitle "CBM 213 Extra"]
[Source "ChessBase"]
[SourceDate "2023.05.31"]
[SourceVersion "1"]
[SourceVersionDate "2023.05.31"]
[SourceQuality "1"]

1. e4 e5 2. Nf3 Nc6 3. Bc4 Nf6 4. Ng5 d5 5. exd5 Na5 6. Bb5+ c6 7. dxc6 bxc6 8. Be2 h6 9. Nf3 Bd6 10. d3 Bf5 11. 0-0 0-0 12. Nc3 Rb8 13. b3 Re8 14. Bb2 Qc7 15. Re1 e4 16. dxe4 Nxe4 17. Nxe4 Bxe4 18. Qd4 f6 19. Qd1 Bxf3 20. Bxf3 Bxh2+ 21. Kf1 Be5 22. Bxe5 Rxe5 23. Rxe5 Qxe5 24. Kg1 1/2-1/2

[Event "SVK-ch U10"]
[Site "Dudince"]
[Date "2023.04.21"]
[Round "7"]
[White "Kluska, David"]
[Black "Buday, Alexander"]
[Result "1/2-1/2"]
[WhiteElo "1156"]
[BlackElo "1050"]
[PlyCount "32"]
[EventDate "2023.04.16"]
[EventType "swiss"]
[EventRounds "9"]
[EventCountry "SVK"]
[SourceTitle "CBM 213 Extra"]
[Source "ChessBase"]
[SourceDate "2023.05.31"]
[SourceVersion "1"]
[SourceVersionDate "2023.05.31"]
[SourceQuality "1"]

1. e4 e5 2. Nf3 Nc6 3. Bc4 Nf6 4. Ng5 d5 5. exd5 Na5 6. b3 Nxc4 7. bxc4 Bd6 8. 0-0 0-0 9. Nc3 h6 10. Nge4 Nxe4 11. Nxe4 Re8 12. Bb2 Bf5 13. Nxd6 Qxd6 14. d4 exd4 15. Qxd4 Qg6 16. g3 Bxc2 1/2-1/2

[Event "SVK-ch U10"]
[Site "Dudince"]
[Date "2023.04.17"]
[Round "2"]
[White "Buday, Alexander"]
[Black "Rozboril, Alex"]
[Result "0-1"]
[WhiteElo "1050"]
[BlackElo "1133"]
[PlyCount "71"]
[EventDate "2023.04.16"]
[EventType "swiss"]
[EventRounds "9"]
[EventCountry "SVK"]
[SourceTitle "CBM 213 Extra"]
[Source "ChessBase"]
[SourceDate "2023.05.31"]
[SourceVersion "1"]
[SourceVersionDate "2023.05.31"]
[SourceQuality "1"]

1. e4 e5 2. Nf3 Nc6 3. Bc4 Bc5 4. d3 Nf6 5. 0-0 0-0 6. Nc3 d6 7. Bg5 Bg4 8. h3 Bh5 9. Nd5 Nd4 10. g4 Bg6 11. Bxf6 gxf6 12. Nxd4 Bxd4 13. c3 Bb6 14. Nxb6 axb6 15. f3 c6 16. d4 d5 17. Bb3 dxe4 18. fxe4 Bxe4 19. Bc2 Bxc2 20. Qxc2 exd4 21. Rfd1 c5 22. cxd4 cxd4 23. Qd3 Qd6 24. Qxd4 Qg3+ 25. Kf1 Qxh3+ 26. Kg1 Rfd8 27. Qf4 Rxd1+ 28. Rxd1 Rxa2 29. Rd8+ Kg7 30. Rd4 Rxb2 31. Qg5+ fxg5 32. Rd2 Rb1+ 33. Rd1 Qg3+ 34. Kf1 Qf3+ 35. Kg1 Qxd1+ 36. Kh2 0-1

[Event "SVK-ch U10"]
[Site "Dudince"]
[Date "2023.04.17"]
[Round "3"]
[White "Chmelik, Juraj"]
[Black "Buday, Alexander"]
[Result "0-1"]
[WhiteElo "1303"]
[BlackElo "1050"]
[PlyCount "112"]
[EventDate "2023.04.16"]
[EventType "swiss"]
[EventRounds "9"]
[EventCountry "SVK"]
[SourceTitle "CBM 213 Extra"]
[Source "ChessBase"]
[SourceDate "2023.05.31"]
[SourceVersion "1"]
[SourceVersionDate "2023.05.31"]
[SourceQuality "1"]

1. e4 e5 2. Nf3 Nc6 3. Bc4 Bc5 4. c3 h6 5. d4 exd4 6. cxd4 Bb4+ 7. Bd2 Bxd2+ 8. Nbxd2 d6 9. 0-0 Bg4 10. Qb3 Qd7 11. Bb5 a6 12. Ba4 b5 13. Bxb5 axb5 14. Qxb5 Rb8 15. Qc4 Nge7 16. d5 Ne5 17. Qc3 Nxf3+ 18. Nxf3 Ng6 19. Qxg7 Bh5 20. Nd2 f6 21. Qxf6 Qe7 22. Qxe7+ Kxe7 23. Rab1 Be2 24. Rfe1 Bd3 25. a4 Bxb1 26. Rxb1 Ra8 27. Ra1 Rhb8 28. b3 Ne5 29. f4 Nd3 30. f5 Kf6 31. a5 Ra6 32. g4 Rb5 33. Nc4 Rxb3 34. Kg2 Ne5 35. Nxe5 dxe5 36. h4 Rb5 37. g5+ hxg5 38. hxg5+ Kxg5 39. Rf1 Rbxa5 40. Kh3 Ra3+ 41. Kh2 Ra2+ 42. Kh1 Ra1 43. Rg1+ Rxg1+ 44. Kxg1 Ra2 45. Kf1 Kg4 46. f6 Kg3 47. f7 Rf2+ 48. Ke1 Rxf7 49. Kd2 Rf3 50. Ke2 Kg2 51. Kd2 Kf2 52. Kc2 Ke2 53. Kb2 Kd2 54. Ka1 Rb3 55. Ka2 Kc2 56. Ka1 Ra3# 0-1

[Event "SVK-ch U10"]
[Site "Stara Lubovna"]
[Date "2022.05.22"]
[Round "2"]
[White "Prochazka, Michal"]
[Black "Buday, Alexander"]
[Result "1-0"]
[WhiteElo "1000"]
[BlackElo "1000"]
[PlyCount "55"]
[EventDate "2022.05.21"]
[EventType "swiss"]
[EventRounds "9"]
[EventCountry "SVK"]
[SourceTitle "CBM 208 Extra"]
[Source "ChessBase"]
[SourceDate "2022.07.31"]
[SourceVersion "1"]
[SourceVersionDate "2022.07.31"]
[SourceQuality "1"]

1. e4 e5 2. Bc4 Nf6 3. d4 exd4 4. Nf3 Nxe4 5. Qxd4 Nf6 6. Qh4 Qe7+ 7. Be3 Ne4 8. Qxe7+ Bxe7 9. Ne5 0-0 10. f3 Nd6 11. Bb3 Bf6 12. f4 Re8 13. 0-0 Bxe5 14. fxe5 Rxe5 15. Bf4 Re7 16. Bxd6 cxd6 17. Nc3 h6 18. Nd5 Nc6 19. Nxe7+ Nxe7 20. Rxf7 Ng6 21. Raf1 Kh7 22. c3 b6 23. Bd5 Rb8 24. Be4 Ba6 25. R1f6 Re8 26. Bxg6+ Kh8 27. Rf8+ Rxf8 28. Rxf8# 1-0